भौतिकी कोश / (Record no. 111898)
[ view plain ]
| 000 -LEADER | |
|---|---|
| fixed length control field | 01015nam a22002537a 4500 |
| 005 - DATE AND TIME OF LATEST TRANSACTION | |
| control field | 20170124102931.0 |
| 010 ## - LIBRARY OF CONGRESS CONTROL NUMBER | |
| LC control number | B-207309 |
| 020 ## - INTERNATIONAL STANDARD BOOK NUMBER | |
| Terms of availability | 550.00 |
| International Standard Book Number | 8121401062 |
| 035 ## - SYSTEM CONTROL NUMBER | |
| System control number | B-207309 |
| 037 ## - SOURCE OF ACQUISITION | |
| Source of stock number/acquisition | Cen Lib/Ret |
| 040 ## - CATALOGING SOURCE | |
| Original cataloging agency | DPL |
| Language of cataloging | HN |
| 082 ## - DEWEY DECIMAL CLASSIFICATION NUMBER | |
| Classification number | 530.03 |
| Item number | तिवारी |
| 100 ## - MAIN ENTRY--PERSONAL NAME | |
| Personal name | तिवारी, राजीव |
| 9 (RLIN) | 44962 |
| 245 ## - TITLE STATEMENT | |
| Title | भौतिकी कोश / |
| Statement of responsibility, etc | राजीव तिवारी |
| 246 ## - VARYING FORM OF TITLE | |
| Title proper/short title | Bhautiki kosh / |
| Remainder of title | by Rajeev Tiwari |
| 260 ## - PUBLICATION, DISTRIBUTION, ETC. (IMPRINT) | |
| Name of publisher, distributor, etc | नेशनल पब्लिशिंग हाउस |
| Place of publication, distribution, etc | नई दिल्ली |
| Date of publication, distribution, etc | 2006 |
| 270 ## - ADDRESS | |
| Address | 2/35, अंसारी रोड, दरियागंज |
| City | नई दिल्ली |
| Postal code | 110002 |
| 300 ## - PHYSICAL DESCRIPTION | |
| Extent | x,466पृ. : |
| Dimensions | 20सेमी (सजिल्द) |
| Other physical details | सचित्र |
| 650 ## - SUBJECT ADDED ENTRY--TOPICAL TERM | |
| Topical term or geographic name as entry element | कोश -- भौतिकी |
| 9 (RLIN) | 44963 |
| 650 ## - SUBJECT ADDED ENTRY--TOPICAL TERM | |
| Topical term or geographic name as entry element | भौतिकी |
| 9 (RLIN) | 44964 |
| 650 ## - SUBJECT ADDED ENTRY--TOPICAL TERM | |
| Topical term or geographic name as entry element | Thesaurus - Physics |
| 9 (RLIN) | 44965 |
| 650 ## - SUBJECT ADDED ENTRY--TOPICAL TERM | |
| Topical term or geographic name as entry element | Physics |
| 9 (RLIN) | 44966 |
| 942 ## - ADDED ENTRY ELEMENTS (KOHA) | |
| Source of classification or shelving scheme | Dewey Decimal Classification |
| Koha item type | Hindi Books |
| Classification part | 530.03 |
| Call number suffix | तिवारी |
| Withdrawn status | Lost status | Damaged status | Not for loan | Home library | Current library | Date acquired | Source of acquisition | Cost, normal purchase price | Total Checkouts | Full call number | Barcode | Date last seen | Copy number | Cost, replacement price | Price effective from | Koha item type |
|---|---|---|---|---|---|---|---|---|---|---|---|---|---|---|---|---|
| Central Library | Central Library | 05/08/2015 | Cen Lib/Ret | 550.00 | 530.03 तिवारी | B-207309 | 05/08/2015 | 1 | 550.00 | 05/08/2015 | Hindi Books |
